MARC

Tag First Indicator Second Indicator Subfields
LEADER 00000cam a2200000 a 4500
001 in00001403960
005 20151020054249.0
008 970627s1998 ncua b 001 0deng
010 |a  97029433  
020 |a 0822320746 (pbk. : acid-free paper) 
020 |a 0822320606 (acid-free paper) 
035 |a (OCoLC)37246694 
035 |9 AHN0940AM 
040 |a DLC  |c DLC  |d TXA  |d UtOrBLW 
043 |a e-uk--- 
049 |a TXAM 
050 0 0 |a DA355  |b .D57 1998 
082 0 0 |a 942.05/5  |2 21 
245 0 0 |a Dissing Elizabeth :  |b negative representations of Gloriana /  |c edited by Julia M. Walker. 
246 3 0 |a Negative representations of Gloriana 
264 1 |a Durham :  |b Duke University Press,  |c 1998. 
300 |a x, 300 pages :  |b illustrations ;  |c 23 cm. 
336 |a text  |b txt  |2 rdacontent 
337 |a unmediated  |b n  |2 rdamedia 
338 |a volume  |b nc  |2 rdacarrier 
504 |a Includes bibliographical references and index. 
651 0 |a Great Britain  |x History  |y Elizabeth, 1558-1603  |x Historiography. 
650 0 |a English literature  |y Early modern, 1500-1700  |x History and criticism. 
600 0 0 |a Elizabeth  |b I,  |c Queen of England,  |d 1533-1603  |x Public opinion. 
650 0 |a English language  |y Early modern, 1500-1700  |x Rhetoric. 
650 0 |a Public opinion  |z Great Britain  |x History  |y 16th century. 
650 0 |a Monarchy  |z Great Britain  |x Public opinion. 
650 0 |a Queens  |z Great Britain  |x Public opinion. 
700 1 |a Walker, Julia M.,  |d 1951- 
948 |a c:cer 
999 |a MARS 
999 f f |s c5df9a54-f886-35a2-8ab4-2702cc2810f9  |i 032d099d-6aa3-38ef-9cc4-9bc4e536d4da  |t 0 
952 f f |p normal  |a Texas A&M University  |b College Station  |c Sterling C. Evans Library  |d Evans: Library Stacks  |t 0  |e DA355 .D57 1998  |h Library of Congress classification  |i unmediated -- volume  |m A14822471680 
998 f f |a DA355 .D57 1998  |t 0  |l Evans: Library Stacks